[Event "Cardinal op"]
[Site "Columbus"]
[Date "2018.01.26"]
[Round "1"]
[White "Belous, Vladimir"]
[Black "Paganini, Xavier Nicolo"]
[Result "1-0"]
[WhiteElo "2567"]
[BlackElo "1826"]
[PlyCount "99"]
[EventDate "2018.01.26"]
[EventType "swiss"]
[EventRounds "5"]
[EventCountry "USA"]
[SourceTitle "EXT 2023"]
[Source "ChessBase"]
[SourceDate "2022.10.05"]
[SourceVersion "1"]
[SourceVersionDate "2022.10.05"]
[SourceQuality "1"]

1. c4 d6 2. Nc3 Nf6 3. Nf3 e5 4. g3 Nbd7 5. Bg2 Be7 6. 0-0 0-0 7. d3 c6 8. e4 a6 9. d4 b5 10. Qe2 Bb7 11. Rd1 Qc7 12. Bg5 Rfd8 13. a3 bxc4 14. Qxc4 exd4 15. Nxd4 Ne5 16. Qe2 h6 17. Bf4 Ng6 18. Be3 d5 19. exd5 cxd5 20. Rac1 Qd7 21. h3 Rac8 22. Nc2 Bc5 23. Bxc5 Rxc5 24. Nd4 Re8 25. Qc2 Ne7 26. Qa4 Rec8 27. Qxd7 Nxd7 28. Nb3 R5c7 29. Nxd5 Nxd5 30. Rxc7 Rxc7 31. Bxd5 Bxd5 32. Rxd5 Nf6 33. Rd2 Nd7 34. Kg2 Ne5 35. Nd4 Rb7 36. b3 a5 37. f4 Ng6 38. Kf3 Ne7 39. Rc2 Rd7 40. Ke4 Nd5 41. Rc5 Ne7 42. Rxa5 Rxd4+ 43. Kxd4 Nc6+ 44. Kd5 Nxa5 45. b4 Nb7 46. a4 Nd8 47. Kd6 Ne6 48. a5 Nd4 49. a6 Nb5+ 50. Kc6 1-0

[Event "Columbus op"]
[Site "Columbus"]
[Date "2017.06.23"]
[Round "1"]
[White "Kabir, Belgikar"]
[Black "Paganini, Xavier Nicolo"]
[Result "1-0"]
[WhiteElo "1572"]
[BlackElo "1749"]
[PlyCount "23"]
[EventDate "2017.06.23"]
[EventType "swiss"]
[EventRounds "5"]
[EventCountry "USA"]
[SourceTitle "EXT 2023"]
[Source "ChessBase"]
[SourceDate "2022.10.05"]
[SourceVersion "1"]
[SourceVersionDate "2022.10.05"]
[SourceQuality "1"]

1. c4 e5 2. Nc3 Nc6 3. Nf3 Bb4 4. Nd5 Bc5 5. d3 d6 6. g3 Bf5 7. Bg2 Qd7 8. 0-0 Bh3 9. Bxh3 Qxh3 10. Nxc7+ Kd7 11. Nxa8 Nge7 12. e3 1-0